000 00526nam a22001817a 4500
003 OSt
005 20180116183049.0
008 160726b xxu||||| |||| 00| 0 eng d
020 _a9780060452063
040 _c0
082 _a658.4033 PIN 1987
100 _aWilliam E. Pinney
245 _aManagement Science
_bStudent's solution Manual and workbook to accompany
_cWilliam E. Pinney
260 _aNew York
_bHarper & Row, Publishers
_c1987
300 _a234 +p.
_bPB
440 _aManagement Science
942 _2ddc
_cBK
999 _c351534
_d351534